Pays avec la moindre pollution atmosphérique - Statistiques

Statistiques générales
  • Ce quiz a été pris 163 fois
  • Le résultat moyen est 12 sur 21
Statistiques - réponses
μg/m3 population pays % Correct
7,0 5,4 mil Norvège
90%
6,2 10 mil Suède
89%
5,9 5,6 mil Finlande
85%
6,4 37 mil Canada
77%
10 5,8 mil Danemark
76%
6,5 < 1 mil Islande
76%
10.3 8,6 mil Suisse
72%
6,0 4,8 mil Nouvelle-Zélande
70%
8,6 25 mil Australie
68%
8,2 4,8 mil Irlande
65%
7,4 329 mil Etats-Unis
59%
6,7 1,3 mil Estonie
56%
10.5 67 mil Royaume-Uni
52%
10.4 < 1 mil Luxembourg
51%
9,7 46 mil Espagne
46%
10.3 < 1 mil Andorre
45%
8,2 10,3 mil Portugal
45%
7,8 < 1 mil Maldives
22%
9,3 3,5 mil Uruguay
19%
10.2 < 1 mil Îles Marshall
15%
5,9 < 1 mil Brunei
13%
Aucun quiz correspondant
Distribution des résultats
% des personnes avec chaque résultat
Percentile par nombre de réponses
Votre historique - résultats
Vous n’avez pas pris ce quiz